Mathematical programming for economics and business (Record no. 477117)

MARC details
000 -LEADER
fixed length control field 00817nam a2200265Ia 4500
003 - CONTROL NUMBER IDENTIFIER
control field OSt
005 - DATE AND TIME OF LATEST TRANSACTION
control field 20220925165400.0
008 - FIXED-LENGTH DATA ELEMENTS--GENERAL INFORMATION
fixed length control field 220923b |||||||| |||| 00| 0 eng d
020 ## - INTERNATIONAL STANDARD BOOK NUMBER
International Standard Book Number 0813810558
037 ## - SOURCE OF ACQUISITION
Terms of availability General Book
040 ## - CATALOGING SOURCE
Original cataloging agency RTL
Transcribing agency RTL
Language of cataloging eng
041 ## - LANGUAGE CODE
Source of code eng
Language code of text/sound track or separate title eng
100 ## - MAIN ENTRY--PERSONAL NAME
Personal name Pfaffenberger Roger C
9 (RLIN) 233239
245 #0 - TITLE STATEMENT
Title Mathematical programming for economics and business
260 ## - PUBLICATION, DISTRIBUTION, ETC.
Place of publication, distribution, etc. Ames
Name of publisher, distributor, etc. Iowa State University Press
Date of publication, distribution, etc. 1976
300 ## - PHYSICAL DESCRIPTION
Extent xii,462p.
Dimensions cm.
500 ## - GENERAL NOTE
General note Bibliography P 449-58; Appendix P 437-48
650 ## - SUBJECT ADDED ENTRY--TOPICAL TERM
Topical term or geographic name entry element Linear Programming
9 (RLIN) 233240
700 ## - ADDED ENTRY--PERSONAL NAME
Personal name Walker David A
9 (RLIN) 233241
942 ## - ADDED ENTRY ELEMENTS (KOHA)
Classification part B28910bX, L6
Koha item type General Books
Source of classification or shelving scheme Colon Classification (CC)
Holdings
Withdrawn status Lost status Damaged status Not for loan Home library Current library Date acquired Total Checkouts Full call number Barcode Date last seen Price effective from Koha item type
        Ratan Tata Library Ratan Tata Library 2022-09-25   B28910bX L6 RT0643072 2022-09-25 2022-09-25 General Books
Copyright @ Delhi University Library System